Name a Movie That...(1990s) Quiz Stats

 Plays Quiz Updated Jun 4, 2012

Challenge
Share
Tweet
Embed
Score 0/20 Timer 04:00
0 Plays Today
Name a 1990s movie that... Movie % Correct
...won Best PictureUnforgiven...
92.9%
...starred Tom CruiseJerry Maguire...
88.4%
...is in IMDB's Top 50 films and didn't win Best PictureSe7en...
87.1%
...was made by PixarToy Story...
86.8%
...made 400 million dollars+ in the USATitanic...
85.1%
....Will Smith made after Bad BoysIndependence Day...
81.7%
...was directed by Quentin TarantinoPulp Fiction...
81.3%
...starred Julia RobertsNotting Hill...
80.6%
...was made by Disney Animation (not Pixar)The Lion King...
76.5%
...starred Arnold Schwarzenegger and is an action movieEraser...
75.5%
Name a 1990s movie that... Movie % Correct
...was directed by Steven SpielbergJurassic Park...
69.3%
...featured James BondGoldeneye...
67.6%
...won its leading lady a Best Actress OscarMisery...
64.9%
...can be considered a 'superhero' filmDarkman...
61.6%
...was directed by the Coen BrothersFargo...
60.3%
...got Susan Sarandon an Oscar nominationDead Man Walking...
47.6%
...got Al Pacino the elusive OscarScent of a Woman
47.4%
...was directed by the Farrelly BrothersDumb & Dumber...
43%
...was directed by Woody AllenHusbands and Wives...
21.7%
...got a major release and was a live action musicalEvita...
13%

You're not logged in!

Compare scores with friends on all Sporcle quizzes.
Join for Free
OR
Log In

You Might Also Like...

Show Comments

Extras

Top Quizzes Today


Score Distribution

Your Account Isn't Verified!

In order to create a playlist on Sporcle, you need to verify the email address you used during registration. Go to your Sporcle Settings to finish the process.

Report this User

Report this user for behavior that violates our Community Guidelines.

Details: